Kursus Penggunaan Pakej SPSS 8 - 12 Mei 2000
| Format: | Book |
|---|---|
| Subjects: |
MARC
| LEADER | 00000cam a2200000 7i4500 | ||
|---|---|---|---|
| 001 | 0000008640 | ||
| 005 | 20071123.0 | ||
| 040 | |a INS | ||
| 090 | 0 | 0 | |a AV 50 |
| 245 | 0 | 0 | |a Kursus Penggunaan Pakej SPSS 8 - 12 Mei 2000 |
| 500 | |a Digital document is available on-line; Please click the URL below | ||
| 650 | 0 | 0 | |a SPSS (computer programs) |
| 856 | |||
| 999 | |a AV00000067 |b BOOK |c Course Notes |e Default branch | ||
| 999 | |a AV00000068 |b BOOK |c Course Notes |e Default branch | ||